<?xml version="1.0" encoding="UTF-8"?>
<collection xmlns="http://www.loc.gov/MARC21/slim">
 <record>
  <leader>00579nam a22001575a 4500</leader>
  <controlfield tag="001">EUN.um021432</controlfield>
  <controlfield tag="003">AR-BaUNS</controlfield>
  <controlfield tag="005">20050623122900.0</controlfield>
  <controlfield tag="008">041125b########xx############000#0#spa#d</controlfield>
  <datafield tag="245" ind1="1" ind2="0">
   <subfield code="a">Caracterización hidrológica de la cuenca del río Sauce Grande en primera fase /</subfield>
   <subfield code="c">Juan D. Paoloni, O. C. Tujchneider, J. A. Luque.</subfield>
  </datafield>
  <datafield tag="100" ind1="1" ind2=" ">
   <subfield code="a">Paoloni, Juan D.</subfield>
  </datafield>
  <datafield tag="700" ind1="1" ind2=" ">
   <subfield code="a">Tujchneider, O. C.</subfield>
  </datafield>
  <datafield tag="700" ind1="1" ind2=" ">
   <subfield code="a">Luque, J. A.</subfield>
  </datafield>
  <datafield tag="082" ind1="0" ind2="4">
   <subfield code="a">551.48</subfield>
  </datafield>
  <datafield tag="859" ind1=" " ind2=" ">
   <subfield code="a">Ar-BaUNS</subfield>
   <subfield code="b">BIB. CENTRAL - Sector A</subfield>
   <subfield code="h">551.48</subfield>
   <subfield code="i">P197</subfield>
   <subfield code="p">74305/976</subfield>
  </datafield>
  <datafield tag="859" ind1=" " ind2=" ">
   <subfield code="a">Ar-BaUNS</subfield>
   <subfield code="b">BIB. CENTRAL - Sector A</subfield>
   <subfield code="h">551.48</subfield>
   <subfield code="i">P197</subfield>
   <subfield code="p">74302/976</subfield>
   <subfield code="t">Ej.2</subfield>
  </datafield>
 </record>
</collection>
